[Event "EU-ch Blitz"]
[Site "Zagreb"]
[Date "2023.12.16"]
[Round "10"]
[White "Kovac, Petar"]
[Black "Schoppen, Casper"]
[Result "0-1"]
[WhiteElo "2181"]
[BlackElo "2537"]
[PlyCount "40"]
[EventDate "2023.12.16"]
[EventType "swiss (blitz)"]
[EventRounds "13"]
[EventCountry "CRO"]
[SourceTitle "CB51_2023"]
[SourceDate "2023.12.20"]
[SourceVersion "1"]
[SourceVersionDate "2023.12.20"]
[SourceQuality "1"]

1. d4 Nf6 2. c4 g6 3. Nc3 Bg7 4. e4 d6 5. h3 0-0 6. Be3 Nc6 7. d5 Ne5 8. f4 Ned7 9. Nf3 Nh5 10. Bd3 e5 11. dxe6 fxe6 12. Qd2 e5 13. f5 gxf5 14. exf5 Ng3 15. Bg5 Nf6 16. Rg1 e4 17. Nxe4 Ngxe4 18. Bxe4 Qe8 19. Bxf6 Qxe4+ 20. Kf2 Bxf6 0-1

[Event "EU-ch U18 rapid"]
[Site "Terme Catez"]
[Date "2023.09.29"]
[Round "7"]
[White "Nedelcu, Teodor Cosmin"]
[Black "Kovac, Petar"]
[Result "0-1"]
[WhiteElo "2140"]
[BlackElo "2043"]
[PlyCount "116"]
[EventDate "2023.09.28"]
[EventType "swiss (rapid)"]
[EventRounds "9"]
[EventCountry "SLO"]
[SourceTitle "EXT 2024"]
[Source "ChessBase"]
[SourceDate "2023.10.10"]
[SourceVersion "1"]
[SourceVersionDate "2023.10.10"]
[SourceQuality "1"]

1. d4 Nf6 2. c4 e6 3. Nc3 Bb4 4. e3 0-0 5. Bd3 d5 6. Nge2 dxc4 7. Bxc4 c5 8. a3 Bxc3+ 9. bxc3 Qc7 10. Bb3 b6 11. 0-0 Ba6 12. Re1 Nc6 13. Nf4 Rad8 14. Bxe6 fxe6 15. Nxe6 Qf7 16. Nxf8 Rxf8 17. f3 Rd8 18. Qa4 Bb7 19. dxc5 Ne5 20. e4 Qg6 21. Rf1 Rd3 22. Kh1 bxc5 23. Bf4 Nfd7 24. Rad1 Qa6 25. Qb3+ c4 26. Qb1 Rxd1 27. Rxd1 Nd3 28. Be3 N7e5 29. a4 Qxa4 30. Rf1 Qa6 31. Qc2 h6 32. Rb1 Bc6 33. Qd1 Qa3 34. Bd4 Qa2 35. Qg1 Qc2 36. Ra1 Ba4 37. Bxa7 Bb3 38. Bd4 Nc6 39. h3 Nf4 40. Rc1 Qd3 41. Qf2 Ne2 42. Re1 Nexd4 43. cxd4 Nxd4 44. e5 c3 45. f4 c2 46. Kh2 Qd1 47. Qe3 Bd5 48. Qc3 Kh7 49. e6 Bxe6 50. Qe3 Bf5 51. Qe5 c1Q 52. Rxd1 Qxd1 53. Qe3 Qd3 54. Qe5 Qd2 55. Kg3 Qd3+ 56. Kh2 Be4 57. f5 Qe2 58. Qg3 Nf3+ 0-1

[Event "Split op 12th"]
[Site "Split"]
[Date "2023.08.06"]
[Round "3"]
[White "Kovac, Petar"]
[Black "Martinovic, Sasa"]
[Result "0-1"]
[WhiteElo "2171"]
[BlackElo "2552"]
[PlyCount "116"]
[EventDate "2023.08.05"]
[EventType "swiss"]
[EventRounds "9"]
[EventCountry "CRO"]
[SourceTitle "CBM 215 Extra"]
[Source "ChessBase"]
[SourceDate "2023.09.30"]
[SourceVersion "1"]
[SourceVersionDate "2023.09.30"]
[SourceQuality "1"]

1. d4 Nf6 2. c4 g6 3. Nc3 Bg7 4. e4 d6 5. Nge2 0-0 6. Ng3 h5 7. Bg5 Nh7 8. Be3 c5 9. Nge2 Nc6 10. dxc5 dxc5 11. Qxd8 Rxd8 12. Bxc5 b6 13. Ba3 Ba6 14. Nb5 Rac8 15. Rd1 Rxd1+ 16. Kxd1 Ne5 17. Nec3 Nxc4 18. Bxc4 Rxc4 19. Bxe7 Bxb5 20. Nxb5 Bxb2 21. Re1 a6 22. Na3 Rc1+ 23. Kd2 Rc7 24. Rb1 Rd7+ 25. Ke2 Rxe7 26. Rxb2 Rxe4+ 27. Kd3 Ra4 28. Nc2 Nf6 29. Rxb6 Nd5 30. Rb8+ Kg7 31. g3 Rxa2 32. Rb3 Kf6 33. f3 g5 34. Rb7 Ra4 35. Rb8 h4 36. Rd8 Nc7 37. Ne3 Ne6 38. Rd5 Ra2 39. Ng4+ Ke7 40. Ke3 a5 41. gxh4 gxh4 42. Rh5 Re2+ 43. Kxe2 Nf4+ 44. Kd2 Nxh5 45. Ne3 Ke6 46. Nc4 a4 47. Kc3 h3 48. Kb4 Ng3 49. Ne3 f5 50. Nd1 Nh1 51. Kxa4 Ke5 52. Kb3 Kf4 53. Kc2 Kxf3 54. Kd2 Nf2 55. Ne3 f4 56. Nd5 Ng4 57. Ne7 Nxh2 58. Ke1 Ng4 0-1

[Event "Vojvodina op 13th"]
[Site "Novi Sad"]
[Date "2023.06.30"]
[Round "2"]
[White "Kovac, Petar"]
[Black "Geivondian, Arman"]
[Result "1/2-1/2"]
[WhiteElo "2175"]
[BlackElo "2356"]
[PlyCount "78"]
[EventDate "2023.06.29"]
[EventType "swiss"]
[EventRounds "9"]
[EventCountry "SRB"]
[SourceTitle "CBM 215 Extra"]
[Source "ChessBase"]
[SourceDate "2023.09.30"]
[SourceVersion "1"]
[SourceVersionDate "2023.09.30"]
[SourceQuality "1"]

1. d4 d5 2. c4 e6 3. Nf3 Nf6 4. g3 Be7 5. Bg2 0-0 6. 0-0 dxc4 7. Qc2 a6 8. a4 Nc6 9. Qxc4 Qd5 10. Nbd2 Rd8 11. e3 Qxc4 12. Nxc4 a5 13. Bd2 Ne4 14. Rfd1 f6 15. Rac1 Nb4 16. Ne1 Nxd2 17. Nxd2 c6 18. Nc4 Bd7 19. Nb6 Rab8 20. Nxd7 Rxd7 21. Nd3 Rbd8 22. Nxb4 Bxb4 23. Bf3 g5 24. Kf1 f5 25. h3 Kg7 26. g4 h5 27. gxf5 exf5 28. Bxh5 Rh8 29. Be2 Rxh3 30. Kg2 Rh4 31. Rh1 Rd6 32. Rxh4 gxh4 33. Kh3 Rg6 34. Bf3 Be7 35. d5 c5 36. d6 Rxd6 37. Rxc5 Rd2 38. Rxa5 Rxf2 39. Rxf5 Rxb2 1/2-1/2

[Event "Bosnjaci op 27th"]
[Site "Bosnjaci"]
[Date "2023.01.06"]
[Round "6"]
[White "Kovac, Petar"]
[Black "Horvat, Damjan"]
[Result "1/2-1/2"]
[WhiteElo "2178"]
[BlackElo "2068"]
[PlyCount "34"]
[EventDate "2023.01.03"]
[EventType "swiss"]
[EventRounds "9"]
[EventCountry "CRO"]
[SourceTitle "CBM 212 Extra"]
[Source "ChessBase"]
[SourceDate "2023.03.31"]
[SourceVersion "1"]
[SourceVersionDate "2023.03.31"]
[SourceQuality "1"]

1. d4 d5 2. c4 c6 3. Nf3 Nf6 4. Nc3 a6 5. Qc2 g6 6. Bg5 Nbd7 7. e3 Bg7 8. cxd5 cxd5 9. Bd3 0-0 10. 0-0 b6 11. Rfc1 Bb7 12. Qe2 h6 13. Bf4 Nh5 14. Be5 Bxe5 15. dxe5 Ng7 16. Rd1 Qb8 17. e4 Nxe5 1/2-1/2

[Event "Bosnjaci op 27th"]
[Site "Bosnjaci"]
[Date "2023.01.04"]
[Round "2"]
[White "Kovac, Petar"]
[Black "Slobodjanac, Sinisa"]
[Result "1-0"]
[WhiteElo "2178"]
[BlackElo "1896"]
[PlyCount "77"]
[EventDate "2023.01.03"]
[EventType "swiss"]
[EventRounds "9"]
[EventCountry "CRO"]
[SourceTitle "CBM 212 Extra"]
[Source "ChessBase"]
[SourceDate "2023.03.31"]
[SourceVersion "1"]
[SourceVersionDate "2023.03.31"]
[SourceQuality "1"]

1. d4 Nf6 2. c4 g6 3. Nc3 d5 4. Nf3 Bg7 5. Qb3 dxc4 6. Qxc4 c6 7. e4 0-0 8. Be2 b5 9. Qb3 a5 10. Qc2 Bb7 11. 0-0 Na6 12. Be3 Rc8 13. Rfd1 e6 14. Rac1 h6 15. e5 Nd5 16. Ne4 Nab4 17. Qb1 Nxe3 18. fxe3 Qb6 19. Nd6 Rc7 20. h4 Nd5 21. Qe4 Ba8 22. Rc5 Rd8 23. h5 g5 24. Bd3 Re7 25. Qh7+ Kf8 26. Nxg5 Nxe3 27. Re1 Ng4 28. Nxe6+ Rxe6 29. Nf5 Bf6 30. exf6 Rxe1+ 31. Bf1 Nxf6 32. Qxh6+ Ke8 33. Qxf6 Re6 34. Ng7+ Kd7 35. Nxe6 fxe6 36. h6 Qb8 37. h7 Rf8 38. Qg7+ Kd6 39. Rg5 1-0

[Event "Bosnjaci op 27th"]
[Site "Bosnjaci"]
[Date "2023.01.03"]
[Round "1"]
[White "Novak, Simona"]
[Black "Kovac, Petar"]
[Result "0-1"]
[WhiteElo "1659"]
[BlackElo "2178"]
[PlyCount "118"]
[EventDate "2023.01.03"]
[EventType "swiss"]
[EventRounds "9"]
[EventCountry "CRO"]
[SourceTitle "CBM 212 Extra"]
[Source "ChessBase"]
[SourceDate "2023.03.31"]
[SourceVersion "1"]
[SourceVersionDate "2023.03.31"]
[SourceQuality "1"]

1. e4 e6 2. d4 d5 3. Nc3 Nf6 4. Bg5 dxe4 5. Nxe4 Be7 6. Bd3 Nxe4 7. Bxe7 Nxf2 8. Bxd8 Nxd1 9. Bxc7 Nxb2 10. Be4 Nc4 11. Ne2 Nc6 12. 0-0 Ne7 13. Rf2 0-0 14. a4 Nd5 15. Bg3 Bd7 16. Nf4 Nf6 17. Bxb7 Rab8 18. Ba6 Ne3 19. Re2 Nf5 20. Bf2 Rb4 21. a5 Nxd4 22. Rd2 Nc6 23. Bc5 Rxf4 24. Bxf8 Kxf8 25. Rad1 Ke7 26. Bb5 Rf5 27. c4 Nb8 28. Rc2 a6 29. Bxd7 Nfxd7 30. Ra1 Nc6 31. Rb2 Kd8 32. Rb7 Kc8 33. Rb2 Rc5 34. Rf2 f6 35. Rc2 Nde5 36. Rd2 Nxc4 37. Rc2 Nd4 38. Rca2 Kc7 39. h3 e5 40. Ra4 Kc6 41. Kh2 Nb3 42. Rb1 Kb5 43. Ra2 Kb4 44. h4 e4 45. Re2 e3 46. Kg3 Kc3 47. Kf4 g5+ 48. hxg5 fxg5+ 49. Kg4 Nd4 50. Ree1 e2 51. Rbc1+ Kd2 52. Kg3 Nb2 53. Rxc5 Kxe1 54. Rd5 Kf1 55. Re5 e1Q+ 56. Rxe1+ Kxe1 57. Kg4 h6 58. Kh5 Kf2 59. g4 Kg3 0-1

[Event "Wch U16"]
[Site "Mamaia"]
[Date "2022.09.10"]
[Round "5"]
[White "Culum, Sanjin"]
[Black "Kovac, Petar"]
[Result "1/2-1/2"]
[WhiteElo "2351"]
[BlackElo "2198"]
[PlyCount "109"]
[EventDate "2022.09.06"]
[EventType "swiss"]
[EventRounds "11"]
[EventCountry "ROU"]
[SourceTitle "CBM 210 Extra"]
[Source "ChessBase"]
[SourceDate "2022.11.30"]
[SourceVersion "1"]
[SourceVersionDate "2022.11.30"]
[SourceQuality "1"]

1. d4 d5 2. Nf3 Nf6 3. c4 e6 4. g3 dxc4 5. Bg2 Bb4+ 6. Bd2 c5 7. 0-0 Nc6 8. dxc5 Bxc5 9. Qa4 Qb6 10. Qxc4 e5 11. Ng5 0-0 12. Nc3 Qb4 13. Qxb4 Bxb4 14. a3 Be7 15. Nge4 Nxe4 16. Bxe4 Be6 17. Nd5 Bd6 18. Bc3 Rfd8 19. Nb4 Bxb4 20. axb4 Bc4 21. Rfe1 f6 22. Rac1 Bb5 23. f3 Rd6 24. Red1 Rad8 25. Rxd6 Rxd6 26. Kf2 Kf7 27. h4 g6 28. g4 Ke6 29. h5 f5 30. gxf5+ gxf5 31. Bb1 Nd4 32. Ba2+ Kd7 33. Rg1 Nxe2 34. Rg7+ Kc6 35. Bxe5 Rd1 36. Be6 Nc1 37. Kg3 Ne2+ 38. Kh4 Ng1 39. Rg3 Rf1 40. Bxf5 Kd5 41. Be4+ Kxe5 42. Rg5+ Ke6 43. Rxb5 Nxf3+ 44. Kg3 Nd2 45. Bg2 Rb1 46. Rxb7 Rxb2 47. b5 Nc4 48. Bc6 Nd6 49. Bd7+ Kf6 50. Rb8 Rb3+ 51. Kf4 Rb4+ 52. Kg3 Rb3+ 53. Kf2 Kg5 54. Ra8 Nxb5 55. Bxb5 1/2-1/2

[Event "CRO-ch U17/19"]
[Site "Split"]
[Date "2022.07.28"]
[Round "6"]
[White "Novosel, Lovro"]
[Black "Kovac, Petar"]
[Result "1-0"]
[WhiteElo "2255"]
[BlackElo "2227"]
[PlyCount "126"]
[EventDate "2022.07.25"]
[EventType "swiss"]
[EventRounds "9"]
[EventCountry "CRO"]
[SourceTitle "EXT 2023"]
[Source "ChessBase"]
[SourceDate "2022.10.05"]
[SourceVersion "1"]
[SourceVersionDate "2022.10.05"]
[SourceQuality "1"]

1. d4 d5 2. c4 e6 3. Nf3 Nf6 4. g3 dxc4 5. Bg2 Bb4+ 6. Bd2 c5 7. Bxb4 cxb4 8. Ne5 0-0 9. e3 Nc6 10. Nxc4 e5 11. d5 b5 12. 0-0 bxc4 13. dxc6 Qxd1 14. Rxd1 Be6 15. Nd2 Rac8 16. Rdc1 e4 17. Nxe4 Nxe4 18. Bxe4 Rfd8 19. Rc2 Kf8 20. Kf1 Rd6 21. Ke1 Ke7 22. a3 b3 23. Rc3 Kd8 24. Rd1 Kc7 25. Rcc1 a5 26. f4 f5 27. Bf3 Bf7 28. Ke2 Rcd8 29. Rxd6 Rxd6 30. a4 h6 31. h3 Kb6 32. g4 g6 33. e4 fxg4 34. hxg4 Rxc6 35. e5 Rc5 36. Kd2 g5 37. fxg5 hxg5 38. Re1 Be6 39. Kc3 Rc7 40. Re4 Rh7 41. Rd4 Rh3 42. Rd6+ Kc7 43. Rxe6 Rxf3+ 44. Kxc4 Re3 45. Rg6 Re4+ 46. Kxb3 Rxe5 47. Kc3 Re3+ 48. Kc2 Re5 49. b3 Kd7 50. Kd3 Ke7 51. Kd4 Re2 52. Rxg5 Rg2 53. Rxa5 Rxg4+ 54. Kc3 Kd7 55. Rc5 Kd6 56. Rc4 Rg8 57. a5 Rg5 58. Kb4 Rg8 59. Ka4 Kd5 60. Rc1 Rg3 61. b4 Rg6 62. Kb5 Kd4 63. a6 Kd5 1-0

[Event "CRO-ch U17/19"]
[Site "Split"]
[Date "2022.07.26"]
[Round "2"]
[White "Mandaric, Fran"]
[Black "Kovac, Petar"]
[Result "0-1"]
[WhiteElo "1764"]
[BlackElo "2227"]
[PlyCount "96"]
[EventDate "2022.07.25"]
[EventType "swiss"]
[EventRounds "9"]
[EventCountry "CRO"]
[SourceTitle "EXT 2023"]
[Source "ChessBase"]
[SourceDate "2022.10.05"]
[SourceVersion "1"]
[SourceVersionDate "2022.10.05"]
[SourceQuality "1"]

1. e4 e6 2. d4 d5 3. Nc3 Bb4 4. e5 c5 5. a3 Bxc3+ 6. bxc3 Ne7 7. Qg4 Qc7 8. Qxg7 Rg8 9. Qxh7 cxd4 10. Qd3 dxc3 11. Bf4 Ng6 12. Bg3 Nxe5 13. Qe3 Nbc6 14. Bb5 Qa5 15. Bxc6+ Nxc6 16. Ne2 Bd7 17. 0-0 Rc8 18. h4 Ne7 19. Nd4 Rg4 20. h5 Qc5 21. Rfd1 Re4 22. Qh6 Ng8 23. Qg7 Qf8 24. Qxf8+ Kxf8 25. f3 Rxd4 26. Rxd4 f6 27. Bd6+ Kf7 28. g4 Bc6 29. f4 Nh6 30. Kf2 Nxg4+ 31. Kf3 Nh6 32. Rd3 Nf5 33. Bc5 d4+ 34. Kf2 e5 35. Rh3 e4 36. Rg1 e3+ 37. Ke1 Be4 38. h6 Rxc5 39. h7 Rc8 40. h8Q Rxh8 41. Rxh8 Bxc2 42. Rh7+ Ke6 43. Rxb7 d3 44. Rc7 Nd4 45. Kf1 d2 46. Kg2 e2 47. f5+ Bxf5 48. Rxc3 e1Q 0-1

[Event "Bosnjaci op 26th"]
[Site "Bosnjaci"]
[Date "2022.01.04"]
[Round "3"]
[White "Lalic, Kristijan"]
[Black "Kovac, Petar"]
[Result "1-0"]
[WhiteElo "2215"]
[BlackElo "2026"]
[PlyCount "131"]
[EventDate "2022.01.03"]
[EventType "swiss"]
[EventRounds "9"]
[EventCountry "CRO"]
[SourceTitle "EXT 2023"]
[Source "ChessBase"]
[SourceDate "2022.10.05"]
[SourceVersion "1"]
[SourceVersionDate "2022.10.05"]
[SourceQuality "1"]

1. e4 e6 2. Nf3 d5 3. e5 c5 4. b4 b6 5. a3 Qc7 6. c3 Nd7 7. d4 Ne7 8. Bd3 Nc6 9. 0-0 Be7 10. Bf4 h6 11. Nbd2 Bb7 12. bxc5 bxc5 13. a4 c4 14. Bc2 Qa5 15. Nb1 0-0-0 16. Re1 g5 17. Bc1 g4 18. Nfd2 h5 19. Ba3 a6 20. Bxe7 Nxe7 21. Nf1 Rdf8 22. Qc1 f5 23. Qa3 Rh7 24. Nbd2 h4 25. Rab1 Rg7 26. Qd6 Qc7 27. Qxe6 f4 28. Qh6 Rfg8 29. Qxf4 h3 30. g3 Kb8 31. Rb2 Ka7 32. Qe3 Nc6 33. Reb1 Rb8 34. Nxc4 dxc4 35. d5+ Ka8 36. Rxb7 Rxb7 37. Rxb7 Qxb7 38. dxc6 Qc7 39. cxd7 Rxd7 40. Be4+ Kb8 41. e6 Rd1 42. Qe2 Qd6 43. Qxc4 Re1 44. Qb3+ Kc8 45. Bd5 Kd8 46. c4 Qe5 47. Qb6+ Ke7 48. Qc5+ Kf6 49. Qf8+ Kg6 50. Qf7+ Kg5 51. Qg8+ Kh5 52. Qh7+ Kg5 53. Qh4+ Kf5 54. Qh5+ Kf6 55. Qxg4 Rxf1+ 56. Kxf1 Qa1+ 57. Ke2 Qb2+ 58. Kd3 Qb3+ 59. Kd4 Qb2+ 60. Kc5 Qa3+ 61. Kd4 Qb2+ 62. Kc5 Qa3+ 63. Kc6 Qxa4+ 64. Kc7 Qa5+ 65. Kd7 Qa4+ 66. Bc6 1-0

[Event "CRO-chT U16"]
[Site "Crikvenica"]
[Date "2021.12.21"]
[Round "7.1"]
[White "Kovac, Petar"]
[Black "Sundac, Ivano"]
[Result "0-1"]
[WhiteElo "2070"]
[BlackElo "1757"]
[PlyCount "61"]
[EventDate "2021.12.18"]
[EventType "team-tourn"]
[EventRounds "7"]
[EventCountry "CRO"]
[SourceTitle "CBM 206 Extra"]
[Source "ChessBase"]
[SourceDate "2022.03.31"]
[SourceVersion "1"]
[SourceVersionDate "2022.03.31"]
[SourceQuality "1"]
[WhiteTeam "Vukovar Slaven"]
[BlackTeam "Crikvenica"]
[WhiteTeamCountry "CRO"]
[BlackTeamCountry "CRO"]

1. e4 c5 2. Nc3 Nc6 3. Bb5 g6 4. Bxc6 dxc6 5. f4 Bg7 6. Nf3 Bg4 7. 0-0 e6 8. d3 Ne7 9. Qe1 Bxf3 10. Rxf3 0-0 11. Kh1 Qd7 12. Qh4 f5 13. Be3 Bf6 14. Qh3 b6 15. g4 Bxc3 16. bxc3 Rf7 17. Rg1 Rd8 18. Qg2 Kf8 19. a4 c4 20. a5 cxd3 21. cxd3 c5 22. axb6 axb6 23. Bc1 Qb5 24. c4 Qa4 25. gxf5 exf5 26. Qb2 fxe4 27. Qh8+ Ng8 28. f5 exd3 29. Re1 g5 30. Bxg5 Qc6 31. Re4 0-1

[Event "CRO-ch U17"]
[Site "Split"]
[Date "2021.07.31"]
[Round "9"]
[White "Kovac, Petar"]
[Black "Dumancic, Simun"]
[Result "1-0"]
[WhiteElo "2105"]
[BlackElo "1852"]
[PlyCount "91"]
[EventDate "2021.07.25"]
[EventType "swiss"]
[EventRounds "9"]
[EventCountry "CRO"]
[SourceTitle "EXT 2022"]
[Source "ChessBase"]
[SourceDate "2021.10.06"]
[SourceVersion "1"]
[SourceVersionDate "2021.10.06"]
[SourceQuality "1"]

1. e4 c5 2. c4 Nc6 3. Nc3 g6 4. g3 Bg7 5. Bg2 d6 6. d3 Nf6 7. Nge2 0-0 8. 0-0 Ne8 9. Rb1 Nc7 10. a3 a5 11. h3 Ne6 12. f4 Ned4 13. g4 Bd7 14. Ng3 Rb8 15. f5 b5 16. Bg5 bxc4 17. dxc4 f6 18. Be3 e5 19. Qd2 Bc8 20. Rf2 Kh8 21. h4 Ba6 22. Bf1 Qd7 23. Nd5 Ne7 24. Qxa5 Rb3 25. Qd2 Rfb8 26. Nc3 Nec6 27. g5 Na5 28. gxf6 Bxf6 29. Bg5 Bxg5 30. Qxg5 gxf5 31. Qf6+ Qg7 32. Qxg7+ Kxg7 33. exf5 Rxc3 34. bxc3 Rxb1 35. cxd4 cxd4 36. Kg2 Bxc4 37. Bxc4 Nxc4 38. Ne4 Ne3+ 39. Kh3 Rb3 40. f6+ Kf8 41. Rf3 Rxa3 42. Ng5 Nc4 43. Nxh7+ Kf7 44. Ng5+ Kf8 45. Rxa3 Nxa3 46. h5 1-0

[Event "CRO-ch U17"]
[Site "Split"]
[Date "2021.07.30"]
[Round "8"]
[White "Jurakic, Lukas"]
[Black "Kovac, Petar"]
[Result "1-0"]
[WhiteElo "2078"]
[BlackElo "2105"]
[PlyCount "61"]
[EventDate "2021.07.25"]
[EventType "swiss"]
[EventRounds "9"]
[EventCountry "CRO"]
[SourceTitle "EXT 2022"]
[Source "ChessBase"]
[SourceDate "2021.10.06"]
[SourceVersion "1"]
[SourceVersionDate "2021.10.06"]
[SourceQuality "1"]

1. e4 c5 2. Nf3 e6 3. d4 cxd4 4. Nxd4 Nc6 5. Nc3 Qc7 6. Be3 a6 7. Be2 Nf6 8. a3 b5 9. Nxc6 dxc6 10. f4 Bb7 11. e5 Rd8 12. Bd3 Nd7 13. Qg4 c5 14. 0-0-0 c4 15. Be4 g6 16. Qf3 Bc5 17. Bxb7 Bxe3+ 18. Qxe3 Qxb7 19. Rd6 Nb8 20. Rxd8+ Kxd8 21. Ne4 Kc7 22. Rd1 Qb6 23. Qd2 Kb7 24. Nd6+ Ka8 25. Nxf7 Rc8 26. Qd4 Qa5 27. Nd8 Rc7 28. Nxe6 Rb7 29. Qd8 Rb6 30. Nc7+ Kb7 31. Nd5 1-0

[Event "CRO-ch U17"]
[Site "Split"]
[Date "2021.07.29"]
[Round "7"]
[White "Kovac, Petar"]
[Black "Zadro, Matej"]
[Result "1-0"]
[WhiteElo "2105"]
[BlackElo "1858"]
[PlyCount "42"]
[EventDate "2021.07.25"]
[EventType "swiss"]
[EventRounds "9"]
[EventCountry "CRO"]
[SourceTitle "EXT 2022"]
[Source "ChessBase"]
[SourceDate "2021.10.06"]
[SourceVersion "1"]
[SourceVersionDate "2021.10.06"]
[SourceQuality "1"]

1. e4 e5 2. Nf3 Nc6 3. Bb5 a6 4. Ba4 Nf6 5. d3 b5 6. Bb3 Be7 7. 0-0 d6 8. c3 0-0 9. a4 Bd7 10. a5 Na7 11. d4 exd4 12. cxd4 Bg4 13. h3 Bxf3 14. Qxf3 Nd7 15. Rd1 c5 16. Bd5 Rb8 17. dxc5 Nxc5 18. Be3 Qc7 19. Nc3 Bf6 20. Rac1 Qxa5 21. Qg3 Qd8 1-0

[Event "CRO-ch U15"]
[Site "Trogir"]
[Date "2021.06.24"]
[Round "9"]
[White "Begic, Domagoj"]
[Black "Kovac, Petar"]
[Result "0-1"]
[WhiteElo "1834"]
[BlackElo "2067"]
[PlyCount "60"]
[EventDate "2021.06.18"]
[EventType "swiss"]
[EventRounds "9"]
[EventCountry "CRO"]
[SourceTitle "EXT 2022"]
[Source "ChessBase"]
[SourceDate "2021.10.06"]
[SourceVersion "1"]
[SourceVersionDate "2021.10.06"]
[SourceQuality "1"]

1. d4 d5 2. Nf3 Nf6 3. e3 c5 4. c3 e6 5. Bd3 Nc6 6. b3 Bd6 7. Nbd2 0-0 8. 0-0 e5 9. dxe5 Nxe5 10. Be2 Nc6 11. Bb2 Re8 12. h3 Bf8 13. a3 Bf5 14. Re1 a5 15. Bb5 Qd6 16. c4 dxc4 17. Nxc4 Qc7 18. Qe2 Nd5 19. Bxc6 bxc6 20. Nfe5 Nf6 21. f3 Rab8 22. e4 Be6 23. Qc2 Nh5 24. a4 f6 25. Ng4 Qg3 26. Re3 Nf4 27. Kh1 h5 28. Nh2 Qxg2+ 29. Qxg2 Nxg2 30. Kxg2 Bxc4 0-1

[Event "CRO-ch U15"]
[Site "Trogir"]
[Date "2021.06.22"]
[Round "6"]
[White "Jakovic, Roko"]
[Black "Kovac, Petar"]
[Result "0-1"]
[WhiteElo "1736"]
[BlackElo "2067"]
[PlyCount "74"]
[EventDate "2021.06.18"]
[EventType "swiss"]
[EventRounds "9"]
[EventCountry "CRO"]
[SourceTitle "EXT 2022"]
[Source "ChessBase"]
[SourceDate "2021.10.06"]
[SourceVersion "1"]
[SourceVersionDate "2021.10.06"]
[SourceQuality "1"]

1. d4 d5 2. c4 e6 3. Nc3 c5 4. e3 Nf6 5. Nf3 Nc6 6. Be2 dxc4 7. Bxc4 a6 8. a4 b6 9. 0-0 Bb7 10. Re1 Bd6 11. Qe2 Qc7 12. dxc5 bxc5 13. h3 0-0 14. Bd2 Rfd8 15. Rad1 Nb4 16. Na2 Bc6 17. Bxb4 cxb4 18. b3 Qb7 19. Bd3 e5 20. e4 a5 21. Nd2 Bc5 22. Nc1 Rd7 23. Bc4 Rad8 24. Nd3 Bd4 25. g4 h6 26. Kg2 Qa7 27. f3 Nh7 28. Rh1 Qb7 29. Nf1 Nf8 30. Ng3 Qc7 31. h4 Bc3 32. Nf5 Ng6 33. Kh3 Rxd3 34. Bxd3 Nf4+ 35. Kg3 Nxe2+ 36. Bxe2 Bd2 37. Bc4 Bxa4 0-1

[Event "CRO-ch U15"]
[Site "Trogir"]
[Date "2021.06.21"]
[Round "5"]
[White "Horcicka, Jan"]
[Black "Kovac, Petar"]
[Result "0-1"]
[WhiteElo "1838"]
[BlackElo "2067"]
[PlyCount "82"]
[EventDate "2021.06.18"]
[EventType "swiss"]
[EventRounds "9"]
[EventCountry "CRO"]
[SourceTitle "EXT 2022"]
[Source "ChessBase"]
[SourceDate "2021.10.06"]
[SourceVersion "1"]
[SourceVersionDate "2021.10.06"]
[SourceQuality "1"]

1. e4 c5 2. Nf3 e6 3. d4 cxd4 4. Nxd4 Nc6 5. Nc3 Qc7 6. Be3 a6 7. Qd2 Nf6 8. 0-0-0 Bb4 9. f3 b5 10. Kb1 Bb7 11. g4 0-0 12. h4 Ne5 13. Be2 Rac8 14. Nb3 Nc4 15. Bxc4 bxc4 16. Nd4 d6 17. h5 Nd7 18. g5 Nc5 19. g6 Na4 20. Nde2 Rb8 21. h6 fxg6 22. hxg7 Rf7 23. Bd4 Rxg7 24. Qh6 Nxc3+ 25. Bxc3 Bxc3 26. Nxc3 Bc6 27. Rdg1 Qb6 28. Nd1 d5 29. e5 d4 30. Rh4 Qa7 31. Rgg4 Rd8 32. Qg5 Qb6 33. Qf6 Ba4 34. Rf4 d3 35. b3 dxc2+ 36. Kxc2 cxb3+ 37. Kb2 Rd2+ 38. Kc3 Rc2+ 39. Kd3 Bb5+ 40. Ke4 Re2+ 41. Ne3 Rxe3# 0-1

[Event "CRO-ch U15"]
[Site "Trogir"]
[Date "2021.06.21"]
[Round "4"]
[White "Kovac, Petar"]
[Black "Grgantov, Marin"]
[Result "1/2-1/2"]
[WhiteElo "2067"]
[BlackElo "1956"]
[PlyCount "80"]
[EventDate "2021.06.18"]
[EventType "swiss"]
[EventRounds "9"]
[EventCountry "CRO"]
[SourceTitle "EXT 2022"]
[Source "ChessBase"]
[SourceDate "2021.10.06"]
[SourceVersion "1"]
[SourceVersionDate "2021.10.06"]
[SourceQuality "1"]

1. e4 d5 2. exd5 Nf6 3. d4 Bg4 4. f3 Bf5 5. c4 e6 6. Nc3 exd5 7. Qb3 Qe7+ 8. Kf2 Qb4 9. Bg5 Qxb3 10. axb3 Be7 11. cxd5 0-0 12. Bc4 Rd8 13. Nb5 Na6 14. Re1 Kf8 15. Re5 Bd7 16. Nc3 Nb4 17. Nge2 a6 18. Nc1 h6 19. Bh4 Ng4+ 20. fxg4 Bxh4+ 21. g3 Bf6 22. Re4 Re8 23. N1e2 b5 24. d6 bxc4 25. dxc7 Rac8 26. Rxe8+ Bxe8 27. bxc4 Nd3+ 28. Ke3 Nxb2 29. c5 Rxc7 30. Rb1 Nc4+ 31. Kd3 Na5 32. Rb6 Nc6 33. Ne4 Bd7 34. h3 Be7 35. d5 Ne5+ 36. Kd4 Bxc5+ 37. Nxc5 Nf3+ 38. Ke3 Rxc5 39. Kxf3 Rxd5 40. Rxa6 Ke7 1/2-1/2

[Event "CRO-chT U20 30th"]
[Site "Rabac"]
[Date "2021.04.10"]
[Round "9.1"]
[White "Kovac, Petar"]
[Black "Damjanovic, Stjepan"]
[Result "1-0"]
[WhiteElo "2089"]
[BlackElo "1890"]
[PlyCount "127"]
[EventDate "2021.04.06"]
[EventType "team-tourn"]
[EventRounds "11"]
[EventCountry "CRO"]
[SourceTitle "CBM 201 Extra"]
[Source "ChessBase"]
[SourceDate "2021.05.31"]
[SourceVersion "1"]
[SourceVersionDate "2021.05.31"]
[SourceQuality "1"]
[WhiteTeam "Zupanja U20"]
[BlackTeam "Strizivojna Amater U20"]
[WhiteTeamCountry "CRO"]
[BlackTeamCountry "CRO"]

1. d4 Nf6 2. c4 e6 3. Nf3 b6 4. g3 Bb7 5. Bg2 Be7 6. 0-0 0-0 7. Qc2 Be4 8. Qb3 d6 9. Nc3 Bb7 10. Qc2 Nbd7 11. e4 e5 12. h3 c5 13. d5 Nh5 14. Ne1 g6 15. Bh6 Re8 16. Nd3 Ba6 17. Qa4 Bc8 18. Kh2 Bf8 19. Bd2 Be7 20. Rae1 a6 21. g4 Ng7 22. f4 f6 23. g5 fxg5 24. fxg5 Rf8 25. Nf2 Nb8 26. h4 Nh5 27. Ne2 Ra7 28. Nh1 Qd7 29. Qxd7 Rxd7 30. Rxf8+ Bxf8 31. Bh3 Rc7 32. Bxc8 Rxc8 33. a4 Rc7 34. Rf1 Rf7 35. Rxf7 Kxf7 36. Nf2 Nd7 37. a5 Ke7 38. axb6 Nxb6 39. b3 Kd7 40. Ng4 Bg7 41. Kg2 Ke7 42. Kf3 Bf8 43. Ng3 Nxg3 44. Kxg3 Bg7 45. Ba5 Nc8 46. Kf3 Kd7 47. Ke3 Ne7 48. Kd3 Ng8 49. Kc3 h5 50. Nf2 Bf8 51. Nd3 Ne7 52. b4 cxb4+ 53. Nxb4 Nc8 54. Nxa6 Be7 55. Kd3 Bf8 56. Nb8+ Ke7 57. Bc7 Na7 58. Nc6+ Nxc6 59. dxc6 Ke6 60. Bd8 Bg7 61. Bf6 Bf8 62. Ke3 d5 63. exd5+ Kd6 64. Bxe5+ 1-0